| 000 | 01508nam0a22003131 4500 | ||
|---|---|---|---|
| 001 | rc\2277236 | ||
| 005 | 20260406212644.0 | ||
| 035 | _a(NLR Aleph) 006557093 | ||
| 090 |
_a6803509 _c6803509 |
||
| 100 | _a20110829d1979 |||y0rusy50 ca | ||
| 101 | 0 | _arus | |
| 102 | _aRU | ||
| 105 | _ay z ||||| | ||
| 200 | 1 |
_aПароксизмальные вегетативные нарушения _eТез. докл. науч.-практ. конф., г. Астрахань, 3-5 окт. 1979 г. _f[Редкол.: В.М. Банщиков (отв. ред.) и др.] |
|
| 210 |
_aМосква _cБ. и. _d1979 |
||
| 215 |
_a332 с. _d20 |
||
| 300 | _aВ надзаг.: М-во здравоохранения РСФСР, Всерос. науч. о-во невропатологов и психиатров, Астрах. обл. науч. о-во невропатологов и психиатров | ||
| 606 |
_aВегетативная нервная система _jТезисы докладов _xБолезни _2psbo |
||
| 686 |
_aР628я431(2) _2rubbk |
||
| 702 | 1 |
_aБанщиков _bВ.М. _f1898-1992 _gВасилий Михайлович _4340 |
|
| 712 | 0 | 2 |
_aВсероссийское науч. мед. о-во невропатологов и психиатров _3RU\NLR\AUTH\889970125 _9436528 |
| 801 | 0 |
_aRU _bNLR _gpsbo |
|
| 801 | 1 |
_aRU _bELAR _2rusmarc |
|
| 852 |
_aNLR _j80-3/107 |
||
| 899 |
_aRuMoRGB _jВ 79-49/244 |
||
| 899 |
_aRuMoRGB _jВ 79-49/245 |
||
| 942 | _cBOOK | ||
| 980 | _aNB | ||